[Event "2019"]
[Site "?"]
[Date "2019.05.29"]
[Round "1.11"]
[White "Mooser, Nicolas"]
[Black "Troyke, Christian"]
[Result "0-1"]
[BlackElo "2328"]
[WhiteElo "2026"]
[LiveChessVersion "1.4.8"]

1. d4 {[%clk 1:30:54]} g6 {[%clk 1:30:53]} 2. c4 {[%clk 1:31:15]} Bg7
{[%clk 1:31:15]} 3. Nf3 {[%clk 1:31:35]} Nf6 {[%clk 1:31:38]} 4. g3
{[%clk 1:31:48]} O-O {[%clk 1:31:57]} 5. Bg2 {[%clk 1:32:11]} d6 {[%clk 1:32:21]}
6. O-O {[%clk 1:32:25]} Nbd7 {[%clk 1:32:34]} 7. Nc3 {[%clk 1:31:21]} e5
{[%clk 1:33:08]} 8. e4 {[%clk 1:27:36]} c6 {[%clk 1:33:08]} 9. h3
{[%clk 1:25:27]} Ne8 {[%clk 1:33:21]} 10. Bg5 {[%clk 1:12:53]} f6
{[%clk 1:33:39]} 11. Be3 {[%clk 1:13:10]} f5 {[%clk 1:34:03]} 12. dxe5
{[%clk 1:04:52]} dxe5 {[%clk 1:33:23]} 13. exf5 {[%clk 1:04:49]} gxf5
{[%clk 1:33:45]} 14. Qd2 {[%clk 0:57:42]} Qf6 {[%clk 1:32:39]} 15. Bg5
{[%clk 0:54:05]} Qf7 {[%clk 1:29:21]} 16. b3 {[%clk 0:39:09]} Nc7
{[%clk 1:26:50]} 17. Rad1 {[%clk 0:36:27]} Ne6 {[%clk 1:20:42]} 18. Bh4
{[%clk 0:31:43]} h6 {[%clk 1:15:20]} 19. Rfe1 {[%clk 0:26:53]} e4
{[%clk 1:06:26]} 20. Nh2 {[%clk 0:26:03]} Ne5 {[%clk 1:06:31]} 21. Re3
{[%clk 0:20:18]} Ng6 {[%clk 1:05:23]} 22. Rde1 {[%clk 0:14:52]} Bd4
{[%clk 1:01:10]} 23. R3e2 {[%clk 0:14:50]} Nxh4 {[%clk 1:01:03]} 24. gxh4
{[%clk 0:14:44]} Qf6 {[%clk 1:00:48]} 25. Nxe4 {[%clk 0:08:31]} fxe4
{[%clk 1:00:16]} 26. Ng4 {[%clk 0:08:38]} Qf4 {[%clk 0:58:44]} 27. Qxf4
{[%clk 0:03:12]} Nxf4 {[%clk 0:57:29]} 28. Rxe4 {[%clk 0:03:06]} Bxg4
{[%clk 0:56:38]} 29. hxg4 {[%clk 0:02:14]} Nxg2 {[%clk 0:56:08]} 30. Kxg2
{[%clk 0:02:09]} Rxf2+ {[%clk 0:56:27]} 31. Kg3 {[%clk 0:02:09]} Raf8
{[%clk 0:56:26]} 32. g5 {[%clk 0:01:26]} h5 {[%clk 0:54:56]} 33. Re8
{[%clk 0:00:37]} R2f3+ {[%clk 0:52:50]} 34. Kg2 {[%clk 0:00:57]} R3f4
{[%clk 0:52:43]} 35. R1e4 {[%clk 0:00:36]} c5 {[%clk 0:50:23]} 36. Rxf4
{[%clk 0:00:40]} Rxe8 {[%clk 0:50:47]} 37. b4 {[%clk 0:00:35]} Re2+
{[%clk 0:50:38]} 0-1

[Event "2019"]
[Site "?"]
[Date "2019.05.29"]
[Round "1.12"]
[White "Promyshlyanskiy, Vitaliy"]
[Black "Wortmann, Klaus-Peter"]
[Result "1/2-1/2"]
[BlackElo "2025"]
[WhiteElo "2282"]
[LiveChessVersion "1.4.8"]

1. e4 {[%clk 1:30:54]} d5 {[%clk 1:30:53]} 2. exd5 {[%clk 1:31:14]} Qxd5
{[%clk 1:31:13]} 3. Nc3 {[%clk 1:31:34]} Qd6 {[%clk 1:31:26]} 4. d4
{[%clk 1:31:36]} Nf6 {[%clk 1:31:42]} 5. Nf3 {[%clk 1:31:32]} c6 6. h3
{[%clk 1:29:39]} g6 {[%clk 1:27:34]} 7. Ne5 {[%clk 1:23:17]} Nbd7
{[%clk 1:25:38]} 8. Nc4 {[%clk 1:22:20]} Qc7 {[%clk 1:24:50]} 9. Qf3
{[%clk 1:22:29]} Bg7 {[%clk 1:23:17]} 10. Bf4 {[%clk 1:17:26]} Qd8
{[%clk 1:23:34]} 11. O-O-O {[%clk 1:14:25]} Nb6 {[%clk 1:12:04]} 12. Nxb6
{[%clk 1:05:21]} Qxb6 {[%clk 1:11:35]} 13. Bc4 {[%clk 1:05:03]} O-O
{[%clk 1:10:43]} 14. Rhe1 {[%clk 0:59:46]} e6 {[%clk 1:01:56]} 15. Bd6
{[%clk 0:55:16]} Re8 {[%clk 0:55:27]} 16. Be5 {[%clk 0:54:02]} Nd7
{[%clk 0:54:04]} 17. Bxg7 {[%clk 0:45:58]} Kxg7 {[%clk 0:54:25]} 18. g4
{[%clk 0:40:06]} Qd8 {[%clk 0:51:12]} 19. Qe3 {[%clk 0:34:25]} b5
{[%clk 0:40:36]} 20. Bf1 {[%clk 0:33:15]} Bb7 {[%clk 0:33:39]} 21. Bg2
{[%clk 0:31:04]} Qc7 {[%clk 0:31:50]} 22. Ne4 {[%clk 0:27:10]} Rad8
{[%clk 0:24:00]} 23. g5 {[%clk 0:24:03]} c5 {[%clk 0:19:17]} 24. dxc5
{[%clk 0:19:47]} Bxe4 {[%clk 0:18:21]} 25. Qxe4 {[%clk 0:14:40]} Qxc5
{[%clk 0:13:07]} 26. Qd4+ {[%clk 0:13:23]} Qxd4 {[%clk 0:12:43]} 27. Rxd4
{[%clk 0:13:48]} Nb6 {[%clk 0:12:34]} 28. Rxd8 {[%clk 0:11:46]} Rxd8
{[%clk 0:13:03]} 29. Re5 {[%clk 0:11:38]} a6 {[%clk 0:10:18]} 30. Rc5
{[%clk 0:11:10]} Rd6 {[%clk 0:08:49]} 31. c3 {[%clk 0:09:47]} h6 {[%clk 0:08:12]}
32. h4 {[%clk 0:09:59]} hxg5 {[%clk 0:08:34]} 33. hxg5 {[%clk 0:10:24]} Kf8
{[%clk 0:07:20]} 34. Bb7 {[%clk 0:09:05]} Nd7 {[%clk 0:05:56]} 35. Rc8+
{[%clk 0:09:08]} Ke7 {[%clk 0:06:18]} 36. Kc2 {[%clk 0:08:13]} Rb6
{[%clk 0:05:30]} 37. Bg2 {[%clk 0:07:29]} Ne5 {[%clk 0:04:44]} 38. Rc7+
{[%clk 0:04:42]} Ke8 {[%clk 0:04:24]} 39. f4 {[%clk 0:04:56]} Nc4
{[%clk 0:04:30]} 40. Rc6 {[%clk 0:03:57]} Rb8 {[%clk 0:04:18]} 41. Be4
{[%clk 0:00:50]} Nb6 {[%clk 0:03:25]} 42. Rc7 {[%clk 0:14:58]} Nc4
{[%clk 0:15:54]} 43. b3 {[%clk 0:12:44]} Ne3+ {[%clk 0:15:01]} 44. Kd2
{[%clk 0:11:18]} Nf1+ {[%clk 0:13:39]} 45. Ke1 {[%clk 0:11:18]} Ng3
{[%clk 0:13:53]} 46. Bc6+ {[%clk 0:10:51]} Kf8 {[%clk 0:14:06]} 47. Kf2
{[%clk 0:11:06]} Nf5 {[%clk 0:14:19]} 48. Be4 {[%clk 0:07:31]} Ne7
{[%clk 0:12:22]} 49. Ra7 {[%clk 0:04:22]} Rc8 {[%clk 0:07:45]} 50. Ra8
{[%clk 0:04:31]} Rxa8 {[%clk 0:08:10]} 51. Bxa8 {[%clk 0:04:56]} a5
{[%clk 0:08:38]} 52. Ke3 {[%clk 0:04:25]} Nf5+ {[%clk 0:08:57]} 53. Kd3
{[%clk 0:04:34]} Ke7 {[%clk 0:07:41]} 54. Bc6 {[%clk 0:04:50]} b4
{[%clk 0:05:33]} 55. cxb4 {[%clk 0:05:10]} axb4 {[%clk 0:05:58]} 56. Kc4
{[%clk 0:05:30]} Kd6 {[%clk 0:06:02]} 57. Ba8 {[%clk 0:05:13]} Ng3
{[%clk 0:05:15]} 58. Kxb4 {[%clk 0:03:34]} Nh5 {[%clk 0:05:31]} 59. a4
{[%clk 0:03:23]} Nxf4 {[%clk 0:05:54]} 60. a5 {[%clk 0:03:42]} e5
{[%clk 0:05:11]} 61. a6 {[%clk 0:03:48]} Kc7 {[%clk 0:05:29]} 62. Kc5
{[%clk 0:04:05]} Ne6+ {[%clk 0:05:34]} 63. Kd5 {[%clk 0:01:12]} Kb6
{[%clk 0:05:39]} 64. Kxe5 {[%clk 0:00:45]} Nxg5 {[%clk 0:05:47]} 65. Kf6
{[%clk 0:01:05]} Ne6 {[%clk 0:05:59]} 66. Bb7 {[%clk 0:00:33]} Nc5
{[%clk 0:05:11]} 67. Kxf7 {[%clk 0:00:39]} Nxb3 {[%clk 0:05:16]} 68. Kxg6
{[%clk 0:01:00]} Nc5 {[%clk 0:05:35]} 69. Kf5 {[%clk 0:01:24]} Nxb7
{[%clk 0:05:49]} 70. axb7 {[%clk 0:01:50]} Kc7 {[%clk 0:06:07]} 71. b8=R
{[%clk 0:02:08]} Kxb8 1/2-1/2

[Event "2019"]
[Site "?"]
[Date "2019.05.29"]
[Round "1.14"]
[White "Pribyl, Josef"]
[Black "Rempeli, Alex"]
[Result "1/2-1/2"]
[BlackElo "2016"]
[WhiteElo "2239"]
[LiveChessVersion "1.4.8"]

1. d4 {[%clk 1:30:57]} e6 {[%clk 1:30:48]} 2. e4 {[%clk 1:30:44]} d5
{[%clk 1:31:03]} 3. Nd2 {[%clk 1:30:56]} c5 {[%clk 1:31:10]} 4. Ngf3
{[%clk 1:31:11]} Nc6 {[%clk 1:31:13]} 5. exd5 exd5 {[%clk 1:31:29]} 6. Bb5
{[%clk 1:31:34]} Qe7+ 7. Qe2 {[%clk 1:31:20]} Qxe2+ 8. Kxe2 {[%clk 1:31:46]} a6
{[%clk 1:31:35]} 9. Bxc6+ {[%clk 1:31:51]} bxc6 {[%clk 1:31:59]} 10. Re1
{[%clk 1:31:50]} f6 {[%clk 1:32:04]} 11. Kf1+ {[%clk 1:31:42]} Kf7
{[%clk 1:31:38]} 12. dxc5 {[%clk 1:32:04]} Bxc5 {[%clk 1:31:45]} 13. Nb3
{[%clk 1:32:28]} Bd6 {[%clk 1:31:12]} 14. Be3 {[%clk 1:31:44]} Rb8
{[%clk 1:27:12]} 15. c3 {[%clk 1:29:53]} Bg4 {[%clk 1:25:07]} 16. Nfd4
{[%clk 1:29:12]} Ne7 {[%clk 1:23:37]} 17. h3 {[%clk 1:29:24]} Bd7
{[%clk 1:23:14]} 18. Ne2 {[%clk 1:25:25]} g5 {[%clk 1:19:07]} 19. Rad1
{[%clk 1:10:14]} Nf5 {[%clk 1:05:36]} 20. Bc1 {[%clk 1:10:41]} Rhd8
{[%clk 1:03:45]} 21. Nbd4 {[%clk 1:08:42]} Nxd4 {[%clk 0:58:25]} 22. cxd4
{[%clk 1:08:47]} h5 {[%clk 0:52:03]} 23. b3 {[%clk 1:07:24]} Re8 {[%clk 0:45:11]}
24. Nc3 {[%clk 1:06:12]} Rxe1+ {[%clk 0:34:30]} 25. Rxe1 {[%clk 1:06:39]} Bb4
{[%clk 0:29:00]} 26. Bd2 {[%clk 1:07:02]} Re8 {[%clk 0:25:58]} 27. Rxe8
{[%clk 1:04:33]} Bxe8 {[%clk 0:25:48]} 28. Ke2 {[%clk 1:04:07]} Bd6
{[%clk 0:18:48]} 29. Na4 {[%clk 1:02:51]} Bd7 {[%clk 0:18:48]} 30. Ba5
{[%clk 1:01:46]} g4 {[%clk 0:15:50]} 31. h4 {[%clk 0:59:13]} g3 {[%clk 0:14:11]}
32. Nc5 {[%clk 0:57:25]} Bxc5 {[%clk 0:11:18]} 33. dxc5 {[%clk 0:57:53]} gxf2
{[%clk 0:11:32]} 34. Kxf2 {[%clk 0:58:14]} d4 {[%clk 0:08:22]} 35. Bd8
{[%clk 0:52:13]} Bf5 {[%clk 0:07:08]} 36. Ke2 {[%clk 0:51:45]} Ke6
{[%clk 0:06:40]} 37. Kd2 {[%clk 0:48:11]} Be4 {[%clk 0:05:42]} 38. g3
{[%clk 0:48:32]} Kd5 {[%clk 0:04:33]} 39. Be7 {[%clk 0:46:15]} Ke6
{[%clk 0:03:26]} 40. Bd6 {[%clk 0:44:10]} Kd5 {[%clk 0:03:40]} 41. a3
{[%clk 0:42:30]} Ke6 {[%clk 0:01:25]} 42. Bf8 {[%clk 0:38:47]} Bd5
{[%clk 0:15:18]} 43. Kd3 {[%clk 0:53:16]} Bxb3 {[%clk 0:15:37]} 44. Kxd4
{[%clk 0:53:44]} f5 {[%clk 0:15:22]} 45. Bd6 {[%clk 0:53:15]} Bd1
{[%clk 0:15:41]} 46. Kc4 {[%clk 0:52:42]} Be2+ {[%clk 0:16:00]} 47. Kb4
{[%clk 0:53:05]} Kd5 {[%clk 0:16:21]} 48. Ka5 {[%clk 0:53:15]} Bd3
{[%clk 0:16:30]} 49. Kb6 {[%clk 0:53:06]} Be2 {[%clk 0:16:54]} 50. a4
{[%clk 0:53:08]} Bd3 {[%clk 0:17:18]} 51. Kc7 {[%clk 0:50:13]} Be2
{[%clk 0:17:39]} 52. a5 {[%clk 0:49:30]} Bd3 {[%clk 0:17:56]} 53. Kd7
{[%clk 0:48:55]} Be2 {[%clk 0:18:19]} 1/2-1/2

[Event "2019"]
[Site "?"]
[Date "2019.05.29"]
[Round "1.15"]
[White "Spitzl, Philipp"]
[Black "Weishaeutel, Moritz"]
[Result "0-1"]
[BlackElo "2252"]
[WhiteElo "2013"]
[LiveChessVersion "1.4.8"]

1. c4 {[%clk 1:30:55]} c5 {[%clk 1:30:23]} 2. g3 {[%clk 1:31:01]} Nc6
{[%clk 1:30:29]} 3. Bg2 {[%clk 1:31:18]} g6 {[%clk 1:30:28]} 4. Nc3
{[%clk 1:31:29]} Bg7 {[%clk 1:30:51]} 5. Nf3 {[%clk 1:31:39]} e6 {[%clk 1:30:58]}
6. O-O {[%clk 1:25:54]} Nge7 {[%clk 1:31:19]} 7. d3 {[%clk 1:25:15]} O-O
{[%clk 1:31:32]} 8. Bg5 {[%clk 1:25:30]} h6 {[%clk 1:31:39]} 9. Bd2
{[%clk 1:25:41]} d5 {[%clk 1:31:50]} 10. cxd5 {[%clk 1:19:37]} exd5
{[%clk 1:31:51]} 11. Rb1 {[%clk 1:17:40]} b6 {[%clk 1:28:59]} 12. a3
{[%clk 1:15:41]} a5 {[%clk 1:24:05]} 13. Ne1 {[%clk 1:07:27]} Be6
{[%clk 1:20:34]} 14. Na4 {[%clk 1:02:34]} Rb8 {[%clk 1:12:44]} 15. Nc2
{[%clk 0:57:31]} d4 {[%clk 0:59:45]} 16. b4 {[%clk 0:53:53]} axb4
{[%clk 0:56:37]} 17. axb4 {[%clk 0:54:09]} c4 {[%clk 0:56:45]} 18. dxc4
{[%clk 0:46:18]} Bxc4 {[%clk 0:57:08]} 19. b5 {[%clk 0:36:32]} Ne5
{[%clk 0:49:06]} 20. Na3 {[%clk 0:33:27]} Bd5 {[%clk 0:44:35]} 21. Bb4
{[%clk 0:26:59]} Re8 {[%clk 0:42:50]} 22. Bxe7 {[%clk 0:17:38]} Rxe7
{[%clk 0:42:46]} 23. Nc2 {[%clk 0:17:49]} Bxg2 {[%clk 0:31:51]} 24. Kxg2
{[%clk 0:18:14]} Qd5+ {[%clk 0:32:17]} 25. Kg1 {[%clk 0:18:25]} Rd7
{[%clk 0:19:27]} 26. Ne1 {[%clk 0:17:33]} Ra7 {[%clk 0:18:39]} 27. Rb4
{[%clk 0:14:01]} Qd6 {[%clk 0:13:06]} 28. Rb1 {[%clk 0:13:55]} Rba8
{[%clk 0:12:35]} 29. Nb2 {[%clk 0:14:14]} Ra2 {[%clk 0:12:54]} 30. Ned3
{[%clk 0:13:21]} Qa3 {[%clk 0:12:14]} 31. Nxe5 {[%clk 0:10:11]} Bxe5
{[%clk 0:11:37]} 32. Nc4 Qc5 33. Qd3 {[%clk 0:07:37]} Bg7 {[%clk 0:11:46]} 34.
Rfc1 {[%clk 0:05:50]} Re8 {[%clk 0:11:45]} 35. Re1 {[%clk 0:03:11]} Re6
{[%clk 0:09:30]} 36. Nd2 {[%clk 0:02:37]} Qc2 {[%clk 0:09:16]} 37. Nf3
{[%clk 0:01:53]} Rxe2 {[%clk 0:08:44]} 38. Rxe2 {[%clk 0:02:11]} 0-1

[Event "2019"]
[Site "?"]
[Date "2019.05.29"]
[Round "1.16"]
[White "Mooser, Stefan"]
[Black "Dehmel, Jens"]
[Result "1/2-1/2"]
[BlackElo "2006"]
[WhiteElo "2215"]
[LiveChessVersion "1.4.8"]

1. d4 {[%clk 1:30:56]} d5 {[%clk 1:30:55]} 2. c4 {[%clk 1:31:13]} c6
{[%clk 1:31:20]} 3. Nc3 {[%clk 1:31:31]} Nf6 {[%clk 1:31:43]} 4. e3
{[%clk 1:31:48]} e6 {[%clk 1:31:57]} 5. Nf3 {[%clk 1:31:56]} Nbd7
{[%clk 1:32:20]} 6. Qc2 {[%clk 1:32:02]} b6 {[%clk 1:32:07]} 7. Bd3
{[%clk 1:29:10]} Bb7 {[%clk 1:32:28]} 8. O-O {[%clk 1:28:58]} Be7
{[%clk 1:32:47]} 9. b3 {[%clk 1:19:56]} dxc4 {[%clk 1:32:42]} 10. Bxc4
{[%clk 1:17:55]} c5 {[%clk 1:29:35]} 11. Qe2 {[%clk 1:09:12]} O-O
{[%clk 1:27:18]} 12. Rd1 {[%clk 1:07:45]} Qc7 {[%clk 1:20:08]} 13. Bb2
{[%clk 1:03:25]} Rad8 {[%clk 1:03:50]} 14. Rac1 {[%clk 1:00:58]} Qb8
{[%clk 0:53:08]} 15. a3 {[%clk 0:50:38]} Qa8 {[%clk 0:50:44]} 16. dxc5
{[%clk 0:48:43]} Nxc5 {[%clk 0:50:22]} 17. b4 {[%clk 0:44:36]} Nce4
{[%clk 0:50:25]} 18. Nxe4 {[%clk 0:38:03]} Nxe4 {[%clk 0:50:41]} 19. Bd3
{[%clk 0:36:54]} Rc8 {[%clk 0:45:22]} 20. Nd4 {[%clk 0:29:54]} Rxc1
{[%clk 0:44:32]} 21. Rxc1 {[%clk 0:30:17]} Rc8 {[%clk 0:44:46]} 22. Rc2
{[%clk 0:26:48]} Nf6 {[%clk 0:41:19]} 23. Rxc8+ {[%clk 0:22:17]} Qxc8
{[%clk 0:40:55]} 24. e4 {[%clk 0:21:50]} a5 {[%clk 0:35:09]} 25. bxa5
{[%clk 0:17:41]} bxa5 {[%clk 0:35:27]} 26. a4 {[%clk 0:12:07]} Qd8
{[%clk 0:34:46]} 27. Qc2 {[%clk 0:08:51]} h6 {[%clk 0:30:50]} 28. h3
{[%clk 0:08:22]} Qb6 {[%clk 0:28:45]} 29. Bc3 {[%clk 0:05:59]} Bc5
{[%clk 0:17:43]} 30. Nb5 {[%clk 0:06:23]} Qd8 {[%clk 0:11:59]} 31. Bxf6
{[%clk 0:04:12]} gxf6 {[%clk 0:11:26]} 32. Qxc5 {[%clk 0:03:59]} Qxd3
{[%clk 0:11:36]} 33. f3 {[%clk 0:04:26]} Qd1+ {[%clk 0:07:28]} 34. Kh2
{[%clk 0:04:44]} Qxa4 {[%clk 0:07:52]} 35. Nd6 {[%clk 0:04:35]} Qc6
{[%clk 0:05:56]} 36. Nxb7 {[%clk 0:03:40]} Qxb7 {[%clk 0:06:20]} 37. Qxa5
{[%clk 0:04:07]} Qb8+ {[%clk 0:06:14]} 1/2-1/2

[Event "2019"]
[Site "?"]
[Date "2019.05.29"]
[Round "1.17"]
[White "Ziegenfuss, Holger"]
[Black "Stauch, Edgar"]
[Result "0-1"]
[BlackElo "2207"]
[WhiteElo "2006"]
[LiveChessVersion "1.4.8"]

1. e4 {[%clk 1:30:52]} e6 {[%clk 1:30:55]} 2. d4 {[%clk 1:31:00]} d5
{[%clk 1:31:19]} 3. exd5 {[%clk 1:30:57]} exd5 {[%clk 1:31:44]} 4. Nf3
{[%clk 1:31:16]} Nc6 {[%clk 1:31:09]} 5. h3 {[%clk 1:31:15]} Bf5 {[%clk 1:29:46]}
6. Bd3 {[%clk 1:20:19]} Qd7 {[%clk 1:23:51]} 7. a3 {[%clk 1:08:34]} Bd6
{[%clk 1:18:33]} 8. Nc3 {[%clk 1:08:30]} Nge7 {[%clk 1:18:40]} 9. Ne2
{[%clk 1:00:16]} f6 {[%clk 1:09:40]} 10. Bxf5 {[%clk 0:45:30]} Qxf5
{[%clk 1:07:48]} 11. Qd3 {[%clk 0:38:21]} Qxd3 {[%clk 1:04:34]} 12. cxd3
{[%clk 0:38:43]} g5 {[%clk 1:04:49]} 13. Bd2 {[%clk 0:30:23]} h5 {[%clk 0:52:32]}
14. g3 {[%clk 0:19:42]} Kd7 {[%clk 0:50:08]} 15. O-O-O {[%clk 0:15:35]} Rae8
{[%clk 0:44:44]} 16. Rde1 {[%clk 0:15:07]} Nd8 {[%clk 0:38:18]} 17. Kc2
{[%clk 0:12:20]} Ne6 {[%clk 0:37:10]} 18. Be3 {[%clk 0:08:04]} c6
{[%clk 0:31:25]} 19. h4 {[%clk 0:04:56]} g4 {[%clk 0:29:12]} 20. Nh2
{[%clk 0:05:18]} Nf5 {[%clk 0:29:15]} 21. Nf1 {[%clk 0:04:21]} Rh7
{[%clk 0:27:07]} 22. Kc3 {[%clk 0:03:37]} Rhe7 {[%clk 0:26:57]} 23. b4
{[%clk 0:02:58]} a5 {[%clk 0:26:13]} 24. Nd2 {[%clk 0:01:40]} a4 {[%clk 0:24:06]}
25. Rc1 {[%clk 0:01:07]} Nc7 {[%clk 0:24:06]} 26. Nf4 {[%clk 0:00:36]} Nb5+
{[%clk 0:22:53]} 27. Kb2 {[%clk 0:00:57]} Bxf4 {[%clk 0:22:51]} 28. Bxf4
{[%clk 0:01:00]} Re2 {[%clk 0:21:46]} 29. Rhf1 {[%clk 0:01:00]} Nbxd4
{[%clk 0:22:04]} 30. Kc3 {[%clk 0:00:58]} Nb5+ {[%clk 0:21:42]} 31. Kb2
{[%clk 0:01:17]} Nfd4 {[%clk 0:21:35]} 32. Rcd1 {[%clk 0:01:20]} Nb3
{[%clk 0:20:44]} 33. f3 {[%clk 0:01:18]} gxf3 {[%clk 0:18:28]} 34. Rxf3
{[%clk 0:01:38]} N5d4 {[%clk 0:18:40]} 35. Rff1 {[%clk 0:01:57]} Nxd2
{[%clk 0:18:17]} 36. Rxd2 {[%clk 0:02:17]} Rxd2+ {[%clk 0:16:50]} 37. Bxd2
{[%clk 0:02:39]} Re2 {[%clk 0:16:12]} 38. Rd1 {[%clk 0:02:34]} Nb3
{[%clk 0:14:45]} 39. Kc3 {[%clk 0:02:40]} d4+ {[%clk 0:15:03]} 40. Kc2
{[%clk 0:02:54]} Rg2 {[%clk 0:14:07]} 0-1

[Event "2019"]
[Site "?"]
[Date "2019.05.29"]
[Round "1.19"]
[White "Bunk, Wolfgang"]
[Black "Tscharotschkin, Michael"]
[Result "1/2-1/2"]
[BlackElo "2182"]
[WhiteElo "1995"]
[LiveChessVersion "1.4.8"]

1. d4 {[%clk 1:30:56]} d5 {[%clk 1:30:53]} 2. Nf3 {[%clk 1:30:48]} c6
{[%clk 1:30:53]} 3. e3 {[%clk 1:27:57]} e6 {[%clk 1:30:18]} 4. Bd3
{[%clk 1:27:44]} f5 {[%clk 1:30:39]} 5. b3 {[%clk 1:26:48]} Nf6 {[%clk 1:30:47]}
6. Bb2 {[%clk 1:26:51]} Bd6 {[%clk 1:31:01]} 7. Nbd2 {[%clk 1:26:43]} O-O
{[%clk 1:31:05]} 8. Ne5 {[%clk 1:21:59]} Bd7 {[%clk 1:29:39]} 9. h3
{[%clk 1:19:38]} Ne4 {[%clk 1:28:11]} 10. a3 {[%clk 1:06:50]} Be8
{[%clk 1:27:44]} 11. Qe2 {[%clk 1:00:29]} Nd7 {[%clk 1:24:45]} 12. O-O-O
{[%clk 0:54:22]} Qe7 {[%clk 1:21:38]} 13. Nb1 {[%clk 0:53:43]} Rc8
{[%clk 1:19:29]} 14. Rdg1 {[%clk 0:47:31]} c5 {[%clk 1:10:48]} 15. Nxd7
{[%clk 0:38:30]} Bxd7 {[%clk 1:07:43]} 16. Bxe4 {[%clk 0:35:14]} fxe4
{[%clk 1:06:44]} 17. dxc5 {[%clk 0:35:35]} Rxc5 {[%clk 1:05:35]} 18. a4
{[%clk 0:17:03]} Rfc8 {[%clk 1:04:56]} 19. Bd4 {[%clk 0:09:34]} R5c7
{[%clk 1:02:54]} 20. f4 {[%clk 0:08:38]} b5 {[%clk 1:02:08]} 21. axb5
{[%clk 0:08:29]} Ba3+ {[%clk 0:59:15]} 22. Nxa3 {[%clk 0:05:22]} Qxa3+
{[%clk 0:59:10]} 23. Kb1 {[%clk 0:05:16]} Qb4 {[%clk 0:53:36]} 24. Rc1
{[%clk 0:04:24]} Bxb5 {[%clk 0:53:33]} 25. Qe1 {[%clk 0:04:20]} Qa3
{[%clk 0:52:33]} 26. Bb2 {[%clk 0:04:37]} Qa6 {[%clk 0:51:41]} 27. Qb4
{[%clk 0:04:14]} Rb7 {[%clk 0:47:42]} 28. Qd4 {[%clk 0:04:14]} Qa5
{[%clk 0:44:08]} 29. f5 {[%clk 0:02:40]} Qa6 {[%clk 0:37:43]} 30. Qe5
{[%clk 0:02:13]} exf5 {[%clk 0:35:48]} 31. Qxd5+ {[%clk 0:02:34]} Rf7
{[%clk 0:35:50]} 32. g4 {[%clk 0:02:12]} Qc6 {[%clk 0:31:14]} 33. Qxc6
{[%clk 0:02:13]} Bxc6 {[%clk 0:31:00]} 34. gxf5 {[%clk 0:02:37]} Rxf5
{[%clk 0:31:03]} 35. Bd4 {[%clk 0:02:45]} a5 {[%clk 0:30:40]} 36. Kb2
{[%clk 0:02:20]} a4 {[%clk 0:30:24]} 37. b4 {[%clk 0:02:14]} Bb5 {[%clk 0:29:52]}
38. Bc5 {[%clk 0:02:32]} Rf2 {[%clk 0:28:27]} 39. Kc3 {[%clk 0:02:10]} g6
{[%clk 0:26:06]} 40. h4 {[%clk 0:01:52]} Re2 {[%clk 0:24:05]} 41. Rce1
{[%clk 0:15:03]} Rf2 {[%clk 0:36:08]} 42. Reg1 {[%clk 0:11:27]} a3
{[%clk 0:34:49]} 43. Ra1 {[%clk 0:08:37]} Ra8 {[%clk 0:34:37]} 44. Ra2
{[%clk 0:05:41]} Re2 {[%clk 0:33:55]} 45. Rha1 {[%clk 0:05:14]} Ba4
{[%clk 0:32:25]} 46. Rc1 {[%clk 0:05:28]} Bb5 {[%clk 0:29:32]} 47. Rca1
{[%clk 0:05:39]} Ba4 {[%clk 0:29:45]} 48. Rc1 {[%clk 0:06:04]} 1/2-1/2

[Event "2019"]
[Site "?"]
[Date "2019.05.29"]
[Round "1.22"]
[White "Spitzl, Bertram"]
[Black "Hoekstra, Peter"]
[Result "0-1"]
[BlackElo "1979"]
[WhiteElo "2176"]
[LiveChessVersion "1.4.8"]

1. Nf3 {[%clk 1:30:57]} g6 {[%clk 1:30:51]} 2. g3 {[%clk 1:31:20]} Bg7
{[%clk 1:31:14]} 3. d4 {[%clk 1:31:45]} Nf6 {[%clk 1:31:13]} 4. Bg2
{[%clk 1:32:09]} d6 {[%clk 1:31:36]} 5. O-O {[%clk 1:32:21]} O-O {[%clk 1:32:01]}
6. Re1 {[%clk 1:31:15]} c5 {[%clk 1:27:35]} 7. c3 {[%clk 1:30:56]} cxd4
{[%clk 1:23:14]} 8. Nxd4 {[%clk 1:27:03]} d5 {[%clk 1:19:03]} 9. a4
{[%clk 1:22:09]} Nc6 {[%clk 1:14:51]} 10. Nxc6 {[%clk 1:19:45]} bxc6
{[%clk 1:15:16]} 11. Nd2 {[%clk 1:10:14]} e5 {[%clk 0:59:23]} 12. a5
{[%clk 1:01:22]} Rb8 {[%clk 0:57:31]} 13. Nf3 {[%clk 0:54:52]} Re8
{[%clk 0:48:54]} 14. Qa4 {[%clk 0:44:21]} Bd7 {[%clk 0:48:06]} 15. Qa2
{[%clk 0:43:10]} Bf5 {[%clk 0:34:05]} 16. Be3 {[%clk 0:36:19]} Qe7
{[%clk 0:28:09]} 17. b4 {[%clk 0:29:16]} Ne4 {[%clk 0:28:01]} 18. Rac1
{[%clk 0:29:38]} Be6 {[%clk 0:24:02]} 19. Qc2 {[%clk 0:26:01]} h6
{[%clk 0:23:05]} 20. Nd2 {[%clk 0:20:57]} Nd6 {[%clk 0:20:57]} 21. Bc5
{[%clk 0:21:00]} Qd7 {[%clk 0:20:41]} 22. e4 {[%clk 0:17:06]} f5 {[%clk 0:15:28]}
23. Rcd1 {[%clk 0:15:41]} Nb5 {[%clk 0:14:40]} 24. exd5 {[%clk 0:10:05]} cxd5
{[%clk 0:14:57]} 25. c4 {[%clk 0:09:46]} Nd4 {[%clk 0:10:34]} 26. Bxd4
{[%clk 0:09:40]} exd4 {[%clk 0:11:00]} 27. Rxe6 {[%clk 0:08:12]} Rxe6
{[%clk 0:11:29]} 28. Bxd5 {[%clk 0:08:35]} Rxb4 {[%clk 0:10:33]} 29. Nf3
{[%clk 0:06:59]} Kh7 {[%clk 0:10:56]} 30. Bxe6 {[%clk 0:05:54]} Qxe6
{[%clk 0:11:20]} 31. Nxd4 {[%clk 0:06:17]} Qc8 {[%clk 0:09:33]} 32. Qe2
{[%clk 0:05:22]} Rxc4 {[%clk 0:09:20]} 0-1

[Event "2019"]
[Site "?"]
[Date "2019.05.29"]
[Round "1.24"]
[White "Schmidt, Justus"]
[Black "Von Wantoch, Markus"]
[Result "1/2-1/2"]
[BlackElo "1971"]
[WhiteElo "2153"]
[LiveChessVersion "1.4.8"]

1. e4 {[%clk 1:30:55]} d5 {[%clk 1:30:42]} 2. exd5 {[%clk 1:31:03]} Nf6
{[%clk 1:30:58]} 3. Nc3 {[%clk 1:31:25]} Nxd5 {[%clk 1:31:06]} 4. Bc4
{[%clk 1:31:50]} e6 {[%clk 1:30:29]} 5. Qf3 {[%clk 1:30:42]} c6 {[%clk 1:27:11]}
6. Nge2 {[%clk 1:29:44]} Nd7 {[%clk 1:27:17]} 7. d4 {[%clk 1:28:49]} Qf6
{[%clk 1:24:51]} 8. Qg3 {[%clk 1:24:27]} Qg6 {[%clk 1:25:00]} 9. O-O
{[%clk 1:20:22]} Be7 {[%clk 1:18:54]} 10. Re1 {[%clk 1:16:31]} Qxg3
{[%clk 1:15:56]} 11. hxg3 {[%clk 1:13:39]} O-O {[%clk 1:15:59]} 12. a3
{[%clk 1:09:37]} b6 {[%clk 1:12:33]} 13. Ne4 {[%clk 1:05:12]} Bb7
{[%clk 1:06:56]} 14. Bb3 {[%clk 0:59:57]} c5 {[%clk 0:57:32]} 15. c3
{[%clk 0:50:21]} Rac8 {[%clk 0:53:48]} 16. a4 {[%clk 0:46:55]} Rfd8
{[%clk 0:45:51]} 17. dxc5 {[%clk 0:39:59]} Nxc5 {[%clk 0:45:38]} 18. Nxc5
{[%clk 0:40:15]} Rxc5 {[%clk 0:43:44]} 19. Nd4 {[%clk 0:37:38]} Bf6
{[%clk 0:42:15]} 20. Nf3 {[%clk 0:37:01]} h6 {[%clk 0:39:04]} 21. g4
{[%clk 0:30:23]} g5 {[%clk 0:36:23]} 22. Bxd5 {[%clk 0:28:52]} Rcxd5
{[%clk 0:36:01]} 23. Be3 {[%clk 0:28:56]} e5 {[%clk 0:33:59]} 24. a5
{[%clk 0:24:51]} Rb5 {[%clk 0:31:11]} 25. axb6 {[%clk 0:21:04]} axb6
{[%clk 0:31:32]} 26. Re2 {[%clk 0:15:16]} Bc8 {[%clk 0:29:14]} 27. Ra4
{[%clk 0:13:23]} Be6 {[%clk 0:25:02]} 28. c4 {[%clk 0:07:28]} Rb3
{[%clk 0:24:07]} 29. Rc2 {[%clk 0:06:09]} b5 {[%clk 0:20:22]} 30. cxb5
{[%clk 0:06:20]} Rxb5 {[%clk 0:20:48]} 31. Nd2 {[%clk 0:04:36]} Rdb8
{[%clk 0:20:24]} 32. Ne4 {[%clk 0:02:57]} Bg7 {[%clk 0:18:47]} 33. Nc5
{[%clk 0:01:52]} 1/2-1/2